|
|
|
|
| LEADER |
00713cam a2200217ua 4500 |
| 001 |
18679 |
| 005 |
20150705131821.0 |
| 007 |
ta |
| 008 |
120202s2000 g b000 u eng u |
| 020 |
|
|
|a 0199637962
|c NULL
|
| 041 |
1 |
|
|a eng
|
| 082 |
1 |
4 |
|a 571.638
|b MAS/A
|
| 100 |
1 |
|
|a Masters, John R W .
|
| 245 |
0 |
0 |
|a Animal cell culture: a practical approach /
|c Edited by John R W Masters.
|h Textual Documents
|
| 250 |
|
|
|a 3 /
|b .
|
| 260 |
|
|
|a Oxford :
|b Oxford University Press ,
|c 2000.
|
| 300 |
|
|
|a 235p. ;
|
| 541 |
|
|
|e LS00296
|
| 650 |
|
0 |
|a Cell Culture
|
| 999 |
|
|
|c 41871
|d 41871
|
| 952 |
|
|
|0 0
|1 0
|4 0
|6 571_638000000000000_MAS_A
|7 0
|9 53757
|a KU
|b KU
|d 2015-07-05
|l 5
|o 571.638 MAS/A
|p LS00296
|r 2018-02-14
|s 2018-01-12
|w 2015-07-05
|y BK
|